<?xml version="1.0" encoding="UTF-8"?>
<marc:record xmlns:marc="http://www.loc.gov/MARC21/slim">
   <marc:leader>00000nam a2200000 a 4500</marc:leader>
   <marc:datafield ind1="1" ind2=" " tag="100">
      <marc:subfield code="a">Keymer, Oskar</marc:subfield>
   </marc:datafield>
   <marc:datafield ind1="1" ind2=" " tag="100">
      <marc:subfield code="a">Stein, Axel</marc:subfield>
   </marc:datafield>
   <marc:datafield ind1="1" ind2=" " tag="100">
      <marc:subfield code="a">Kling, Anja</marc:subfield>
   </marc:datafield>
   <marc:datafield ind1="1" ind2=" " tag="100">
      <marc:subfield code="a">Trageser, Tim</marc:subfield>
   </marc:datafield>
   <marc:datafield ind1="0" ind2="0" tag="245">
      <marc:subfield code="a">Hilfe, ich hab meine Eltern geschrumpft</marc:subfield>
   </marc:datafield>
   <marc:datafield ind1="0" ind2="0" tag="245">
      <marc:subfield code="c">Regie: Tim Trageser. Anja Kling, Axel Stein, Oskar Keymer...</marc:subfield>
   </marc:datafield>
   <marc:datafield ind1=" " ind2="1" tag="264">
      <marc:subfield code="a">München</marc:subfield>
      <marc:subfield code="b">Sony Pictures Home Entertainment</marc:subfield>
      <marc:subfield code="c">2018</marc:subfield>
   </marc:datafield>
   <marc:datafield ind1="1" ind2=" " tag="520">
      <marc:subfield code="a">Für Felix  läuft es eigentlich mittlerweile richtig gut am Otto-Leonhard-Gymnasium, wo noch immer der Geist des gleichnamigen Schulgründers herumspukt. Doch zu dem wohlwollenden Gespenst gesellt sich zum Leidwesen der Schüler auch der Geist der garstigen ehemaligen Direktorin Hulda Stechbarth. Und auch zu Hause liegen die Dinge im Argen: Felix&#x91; Eltern Peter  und Sandra  wollen mit ihm nach Dubai ziehen, wo sein Vater ein neues Jobangebot hat.</marc:subfield>
   </marc:datafield>
   <marc:datafield ind1=" " ind2=" " tag="020">
      <marc:subfield code="a">4030521752306</marc:subfield>
      <marc:subfield code="9">4030521752306</marc:subfield>
   </marc:datafield>
   <marc:datafield ind1="0" ind2=" " tag="490">
      <marc:subfield code="v">0</marc:subfield>
   </marc:datafield>
   <marc:datafield ind1=" " ind2=" " tag="300">
      <marc:subfield code="a">ca. 98 Min.</marc:subfield>
   </marc:datafield>
</marc:record>
